[Event "WchT Seniors 65"]
[Site "Acqui Terme"]
[Date "2022.06.20"]
[Round "1.2"]
[White "Stebbings, Anthony"]
[Black "Bowmer, Kevin"]
[Result "0-1"]
[WhiteElo "2297"]
[BlackElo "2077"]
[PlyCount "76"]
[EventDate "2022.06.20"]
[EventType "team-tourn"]
[EventRounds "9"]
[EventCountry "ITA"]
[SourceTitle "CBM 209 Extra"]
[Source "ChessBase"]
[SourceDate "2022.09.30"]
[SourceVersion "1"]
[SourceVersionDate "2022.09.30"]
[SourceQuality "1"]
[WhiteTeam "England 65"]
[BlackTeam "England 65 II"]
[WhiteTeamCountry "ENG"]
[BlackTeamCountry "ENG"]

1. d4 Nf6 2. c4 g6 3. Nc3 d5 4. Nf3 Bg7 5. Qb3 dxc4 6. Qxc4 0-0 7. Bf4 Na6 8. e4 c5 9. dxc5 Qa5 10. e5 Be6 11. exf6 Bxc4 12. fxg7 Kxg7 13. Bxc4 Qb4 14. Bxa6 bxa6 15. Be3 Qxb2 16. 0-0 f6 17. Rfc1 Qb7 18. Rab1 Qc8 19. Rd1 Kf7 20. h3 Rb8 21. Rxb8 Qxb8 22. Rb1 Qc8 23. Nd2 Rd8 24. Rc1 Qe6 25. a4 g5 26. Nf3 Qc8 27. Nd4 e5 28. Nde2 Kg6 29. Ne4 f5 30. Nd6 Qe6 31. f3 h5 32. Bf2 Qa2 33. Ng3 Qd2 34. Rc4 Rb8 35. Nge4 Rb1+ 36. Kh2 fxe4 37. Nxe4 Qd1 38. h4 Qh1+ 0-1

[Event "ENG Chessable-ch Seniors 65+"]
[Site "Kenilworth"]
[Date "2022.05.08"]
[Round "7"]
[White "Bowmer, Kevin"]
[Black "Snape, Ian L"]
[Result "0-1"]
[WhiteElo "2100"]
[BlackElo "2112"]
[PlyCount "112"]
[EventDate "2022.05.04"]
[EventType "swiss"]
[EventRounds "7"]
[EventCountry "ENG"]
[SourceTitle "CBM 208 Extra"]
[Source "ChessBase"]
[SourceDate "2022.07.31"]
[SourceVersion "1"]
[SourceVersionDate "2022.07.31"]
[SourceQuality "1"]

1. e4 Nf6 2. e5 Nd5 3. d4 d6 4. Nf3 Nb6 5. Be2 g6 6. exd6 cxd6 7. 0-0 Bg7 8. c4 0-0 9. Nc3 Bg4 10. Be3 Nc6 11. b3 d5 12. c5 Nc8 13. Rc1 e6 14. Ne5 Bxe2 15. Nxc6 bxc6 16. Qxe2 Ne7 17. Qa6 Qc8 18. Qxc8 Rfxc8 19. g4 f5 20. f3 f4 21. Bf2 g5 22. Rfe1 Kf7 23. Kg2 Ng6 24. Rcd1 Rab8 25. Ne2 Re8 26. h4 gxh4 27. Rh1 Bf6 28. Nc1 e5 29. dxe5 Rxe5 30. Rd4 Rb7 31. Ra4 Bg5 32. Ra6 Re6 33. Nd3 Ke8 34. b4 Bf6 35. b5 Rxb5 36. Rxa7 Re7 37. Ra6 Kd7 38. Re1 Rxe1 39. Bxe1 Rb1 40. Kf1 Bc3 41. Ke2 Bxe1 42. Nxe1 Rb2+ 43. Kf1 h3 44. Ra7+ Ke6 45. Rxh7 h2 46. a4 d4 47. a5 Kd5 48. a6 Ra2 49. a7 Rxa7 50. Rxh2 Kxc5 51. Nd3+ Kc4 52. Rh6 Kxd3 53. Rxg6 Ke3 54. Kg2 Ra2+ 55. Kh3 d3 56. Rxc6 d2 0-1

[Event "GBR-ch 65+ 106th"]
[Site "Torquay"]
[Date "2019.08.04"]
[Round "7.9"]
[White "Bowmer, Kevin"]
[Black "De Coverly, Roger D"]
[Result "1/2-1/2"]
[WhiteElo "2107"]
[BlackElo "1928"]
[PlyCount "69"]
[EventDate "2019.07.29"]
[EventType "swiss"]
[EventRounds "7"]
[EventCountry "ENG"]
[SourceTitle "EXT 2021"]
[Source "ChessBase"]
[SourceDate "2020.10.23"]
[SourceVersion "1"]
[SourceVersionDate "2020.10.23"]
[SourceQuality "1"]

1. e4 e5 2. Nf3 Nc6 3. Bb5 a6 4. Ba4 Nf6 5. 0-0 Be7 6. Re1 b5 7. Bb3 0-0 8. c3 d5 9. exd5 Nxd5 10. Nxe5 Nxe5 11. Rxe5 c6 12. d4 Bd6 13. Re1 Qh4 14. g3 Qh3 15. Qe2 Bg4 16. Qf1 Qh5 17. Nd2 Rae8 18. f3 Rxe1 19. Qxe1 Bxf3 20. Nxf3 Qxf3 21. Bd2 Nf6 22. Qf1 Qxf1+ 23. Kxf1 Ne4 24. Be3 Re8 25. Re1 Kf8 26. Bc2 f5 27. Bc1 Kf7 28. Kg2 h6 29. g4 g6 30. Bxe4 fxe4 31. Bxh6 Rh8 32. Rf1+ Ke6 33. Bf4 Bxf4 34. Rxf4 Kd5 35. b3 1/2-1/2

[Event "GBR-ch 65+ 106th"]
[Site "Torquay"]
[Date "2019.07.29"]
[Round "1"]
[White "Bowmer, Kevin"]
[Black "Charnley, Bernard J"]
[Result "1-0"]
[WhiteElo "2107"]
[BlackElo "1875"]
[PlyCount "81"]
[EventDate "2019.07.29"]
[EventType "swiss"]
[EventRounds "7"]
[EventCountry "ENG"]
[SourceTitle "EXT 2020"]
[Source "ChessBase"]
[SourceDate "2019.10.17"]
[SourceVersion "1"]
[SourceVersionDate "2019.10.17"]
[SourceQuality "1"]

1. e4 c5 2. Nf3 d6 3. d4 cxd4 4. Nxd4 Nf6 5. Nc3 a6 6. f3 e5 7. Nb3 Be7 8. Be3 Be6 9. Qd2 d5 10. exd5 Nxd5 11. Nxd5 Qxd5 12. Qxd5 Bxd5 13. 0-0-0 Bxb3 14. axb3 Nc6 15. Bc4 Rc8 16. Kb1 b5 17. Bd5 0-0 18. c3 b4 19. Bc4 Nb8 20. Rd5 Rfd8 21. Rhd1 Kf8 22. cxb4 Rxd5 23. Rxd5 f6 24. Bc5 Ke8 25. Bxe7 Kxe7 26. b5 axb5 27. Rxb5 Kd6 28. Rb7 Nd7 29. Bb5 Rc7 30. Rxc7 Kxc7 31. Bxd7 Kxd7 32. Kc2 Kd6 33. Kd3 Kc5 34. Kc3 Kb5 35. h4 g6 36. g4 Kc5 37. b4+ Kb5 38. g5 f5 39. b3 Kb6 40. Kc4 Kc6 41. b5+ 1-0

[Event "ENG-ch Seniors 65"]
[Site "Solihull"]
[Date "2019.04.05"]
[Round "2"]
[White "Downham, Alan"]
[Black "Bowmer, Kevin"]
[Result "0-1"]
[WhiteElo "1967"]
[BlackElo "2072"]
[PlyCount "96"]
[EventDate "2019.04.04"]
[EventType "swiss"]
[EventRounds "6"]
[EventCountry "ENG"]
[SourceTitle "CBM 190 Extra"]
[Source "ChessBase"]
[SourceDate "2019.07.15"]
[SourceVersion "1"]
[SourceVersionDate "2019.07.15"]
[SourceQuality "1"]

1. c4 g6 2. Nc3 Bg7 3. g3 c5 4. Bg2 Nc6 5. d3 e6 6. e4 d6 7. Nge2 a6 8. Be3 Nd4 9. Qd2 Rb8 10. Rc1 Ne7 11. Bh6 0-0 12. Bxg7 Kxg7 13. Nxd4 cxd4 14. Ne2 e5 15. 0-0 b6 16. f4 f6 17. b4 Bd7 18. Rc2 Nc6 19. Rfc1 Rc8 20. b5 Nb8 21. Qb4 Qc7 22. a4 a5 23. Qd2 Bg4 24. Rf1 Nd7 25. Nc1 Nc5 26. Ra2 Qd7 27. f5 g5 28. Bf3 Bxf3 29. Rxf3 h5 30. Qd1 g4 31. Rff2 Rh8 32. h3 gxh3 33. Rh2 Rcg8 34. Rxh3 Kf8 35. Rg2 Rg5 36. Nb3 Nxa4 37. Nd2 Nc3 38. Qc2 a4 39. Nf3 Rg4 40. Nh4 a3 41. Kh2 a2 42. Qb2 Qa7 43. Rg1 Kg7 44. Ra1 Ra8 45. Qb4 Qa3 46. Qxa3 Rxa3 47. Ng6 Rb3 48. Rxh5 Rg5 0-1

[Event "ENG-ch Seniors 65"]
[Site "Solihull"]
[Date "2019.04.04"]
[Round "1"]
[White "Bowmer, Kevin"]
[Black "Charnley, Bernard J"]
[Result "1-0"]
[WhiteElo "2072"]
[BlackElo "1873"]
[PlyCount "121"]
[EventDate "2019.04.04"]
[EventType "swiss"]
[EventRounds "6"]
[EventCountry "ENG"]
[SourceTitle "CBM 190 Extra"]
[Source "ChessBase"]
[SourceDate "2019.07.15"]
[SourceVersion "1"]
[SourceVersionDate "2019.07.15"]
[SourceQuality "1"]

1. e4 c5 2. Nf3 Nc6 3. d4 cxd4 4. Nxd4 Nf6 5. Nc3 e5 6. Ndb5 d6 7. Bg5 a6 8. Na3 b5 9. Bxf6 gxf6 10. Nd5 Bg7 11. Bd3 Ne7 12. Nxe7 Qxe7 13. 0-0 0-0 14. Qf3 Be6 15. c4 b4 16. Nc2 a5 17. Ne3 Rfe8 18. Rfe1 Rac8 19. Nd5 Qd8 20. Rad1 Rc5 21. b3 f5 22. exf5 Bxd5 23. cxd5 Qf6 24. Bc4 Rc7 25. Re4 Rce7 26. Bb5 Rc8 27. Bc6 Kh8 28. g3 Bh6 29. Qh5 Qg5 30. Qxg5 Bxg5 31. h4 Bf6 32. Kg2 Ra7 33. Kh3 Bd8 34. g4 f6 35. f4 Bb6 36. fxe5 dxe5 37. g5 Bd4 38. Kg4 Rg7 39. Kh5 Rd8 40. Rf1 Rd6 41. Rg4 Rg8 42. Rf3 Rf8 43. Rg2 Bc3 44. Re2 Rg8 45. Re4 Bd4 46. Rg4 Rf8 47. Rf1 Rg8 48. Rf3 Rf8 49. g6 hxg6+ 50. Rxg6 Rg8 51. Rh6+ Kg7 52. Rg3+ Kf8 53. Rgg6 e4 54. Rxg8+ Kxg8 55. Rg6+ Kf7 56. Rg4 Rd8 57. Rxe4 Bf2 58. Kg4 Rh8 59. Kf3 Bxh4 60. d6 Rd8 61. d7 1-0

[Event "BCF-ch Seniors 65"]
[Site "Hull"]
[Date "2018.07.30"]
[Round "2"]
[White "Clucas, Reg P"]
[Black "Bowmer, Kevin"]
[Result "0-1"]
[WhiteElo "1959"]
[BlackElo "2039"]
[PlyCount "94"]
[EventDate "2018.07.29"]
[EventType "swiss"]
[EventRounds "7"]
[EventCountry "ENG"]
[SourceTitle "CBM 185 Extra"]
[Source "ChessBase"]
[SourceDate "2018.07.29"]
[SourceVersion "1"]
[SourceVersionDate "2018.07.29"]
[SourceQuality "1"]

1. e4 c5 2. Nf3 d6 3. d4 cxd4 4. Nxd4 Nf6 5. Nc3 Nc6 6. Be3 Ng4 7. Qd2 Nxe3 8. fxe3 e6 9. Rd1 a6 10. Nxc6 bxc6 11. Bc4 Be7 12. 0-0 0-0 13. Rf3 d5 14. Bb3 Qc7 15. Rdf1 a5 16. exd5 cxd5 17. Nxd5 exd5 18. Bxd5 Be6 19. Bxa8 Rxa8 20. b3 Bb4 21. Qf2 Rd8 22. Qh4 Bc5 23. Qf2 Qe5 24. c4 f5 25. Kh1 g6 26. Qe2 Qd6 27. e4 fxe4 28. Qxe4 Bf5 29. Qf4 Qxf4 30. Rxf4 Rd2 31. a4 Re2 32. h3 h5 33. Rxf5 gxf5 34. Rxf5 Re1+ 35. Kh2 Bd6+ 36. g3 h4 37. Rxa5 hxg3+ 38. Kg2 Re2+ 39. Kg1 Bf4 40. Ra8+ Kf7 41. Ra7+ Kg6 42. Ra8 Be3+ 43. Kf1 Rf2+ 44. Ke1 Bd2+ 45. Kd1 g2 46. Rg8+ Kf7 47. Rg3 Bb4 0-1

[Event "EU-chT Seniors 50"]
[Site "Walbrzych"]
[Date "2018.04.20"]
[Round "7.2"]
[White "Schuetz, Daniel"]
[Black "Bowmer, Kevin"]
[Result "0-1"]
[WhiteElo "1334"]
[BlackElo "2064"]
[PlyCount "100"]
[EventDate "2018.04.14"]
[EventType "team-swiss"]
[EventRounds "9"]
[EventCountry "POL"]
[SourceTitle "CBM 184 Extra"]
[Source "ChessBase"]
[SourceDate "2018.06.28"]
[SourceVersion "1"]
[SourceVersionDate "2018.06.28"]
[SourceQuality "1"]
[WhiteTeam "Switzerland Spiez 50"]
[BlackTeam "England 50"]
[WhiteTeamCountry "SUI"]
[BlackTeamCountry "ENG"]

1. d4 Nf6 2. c4 g6 3. Nc3 d5 4. cxd5 Nxd5 5. Bd2 Bg7 6. e4 Nb6 7. Be3 0-0 8. h3 Nc6 9. Nf3 e5 10. d5 Ne7 11. Qb3 c6 12. Bxb6 axb6 13. Rd1 Bd7 14. Be2 Nc8 15. 0-0 Qe7 16. dxc6 bxc6 17. a4 Ra7 18. Ra1 Qc5 19. Qa3 Qxa3 20. Rxa3 Re8 21. Rd1 h6 22. Bc4 Bf8 23. Raa1 Kg7 24. Bb3 Kf6 25. Rd2 Be6 26. Bc2 Nd6 27. b3 Nb7 28. Rdd1 Raa8 29. Nd2 Bc5 30. Rab1 Red8 31. b4 Bd4 32. Ne2 Ba2 33. Rb3 Bxb3 34. Bxb3 Rd7 35. Nc4 Rad8 36. Rc1 b5 37. Na5 Nxa5 38. bxa5 bxa4 39. Rxc6+ Rd6 40. Bxa4 Rxc6 41. Bxc6 Rb8 42. Nxd4 Rb1+ 43. Kh2 exd4 44. a6 Ra1 45. Bb5 Ra5 46. Bd3 Ra3 47. Bb5 d3 48. f4 d2 49. Be2 Rxa6 50. e5+ Ke7 0-1

[Event "Margate Thanet op"]
[Site "Margate"]
[Date "2017.08.20"]
[Round "4"]
[White "Faldon, David J"]
[Black "Bowmer, Kevin"]
[Result "1/2-1/2"]
[WhiteElo "1911"]
[BlackElo "2041"]
[PlyCount "42"]
[EventDate "2017.08.18"]
[EventType "swiss"]
[EventRounds "5"]
[EventCountry "ENG"]
[SourceTitle "EXT 2019"]
[Source "ChessBase"]
[SourceDate "2018.10.10"]
[SourceVersion "1"]
[SourceVersionDate "2018.10.10"]
[SourceQuality "1"]

1. c4 g6 2. e4 c5 3. Nf3 Nc6 4. d4 cxd4 5. Nxd4 Nf6 6. Nc3 Nxd4 7. Qxd4 d6 8. Bg5 Bg7 9. Qd2 0-0 10. Be2 Be6 11. Rc1 Qa5 12. 0-0 Rfc8 13. b3 a6 14. Bf3 Rc7 15. Nd5 Qxd2 16. Bxd2 Bxd5 17. exd5 Nd7 18. a4 a5 19. Rfe1 Nc5 20. Rb1 h5 21. h3 f5 1/2-1/2

[Event "Margate Thanet op"]
[Site "Margate"]
[Date "2017.08.19"]
[Round "2"]
[White "Ilinca, Cristian"]
[Black "Bowmer, Kevin"]
[Result "1-0"]
[WhiteElo "1692"]
[BlackElo "2041"]
[PlyCount "55"]
[EventDate "2017.08.18"]
[EventType "swiss"]
[EventRounds "5"]
[EventCountry "ENG"]
[SourceTitle "EXT 2019"]
[Source "ChessBase"]
[SourceDate "2018.10.10"]
[SourceVersion "1"]
[SourceVersionDate "2018.10.10"]
[SourceQuality "1"]

1. Nf3 Nf6 2. e3 g6 3. b3 Bg7 4. Bb2 0-0 5. Be2 b6 6. c4 c5 7. Nc3 Bb7 8. 0-0 e6 9. Rb1 Nc6 10. a3 Rc8 11. d4 d5 12. dxc5 bxc5 13. cxd5 exd5 14. Na4 Qe7 15. Bxf6 Bxf6 16. Qxd5 Nd4 17. Qc4 Nxe2+ 18. Qxe2 g5 19. Rfd1 g4 20. Nd2 Kh8 21. Nb2 Rg8 22. Nbc4 Rg6 23. Qd3 Rd8 24. Qc2 Bf3 25. gxf3 gxf3+ 26. Kh1 Rg2 27. Nxf3 Rdg8 28. Rg1 1-0

[Event "Margate Thanet op"]
[Site "Margate"]
[Date "2017.08.18"]
[Round "1"]
[White "Bowmer, Kevin"]
[Black "Bates, Richard"]
[Result "1-0"]
[WhiteElo "2041"]
[BlackElo "2387"]
[PlyCount "87"]
[EventDate "2017.08.18"]
[EventType "swiss"]
[EventRounds "5"]
[EventCountry "ENG"]
[SourceTitle "EXT 2019"]
[Source "ChessBase"]
[SourceDate "2018.10.10"]
[SourceVersion "1"]
[SourceVersionDate "2018.10.10"]
[SourceQuality "1"]

1. e4 c5 2. Nf3 d6 3. d4 cxd4 4. Nxd4 Nf6 5. Nc3 a6 6. f3 e5 7. Nb3 Be6 8. Be3 Be7 9. Qd2 0-0 10. 0-0-0 a5 11. Bb5 Na6 12. Qe2 Qb8 13. g4 Rc8 14. g5 Nh5 15. Kb1 Nc7 16. Ba4 Nf4 17. Bxf4 exf4 18. h4 b5 19. Nxb5 Nxb5 20. Qxb5 Qa7 21. Qe2 Rc4 22. Bb5 a4 23. Bxc4 axb3 24. cxb3 Qxa2+ 25. Kc2 Rc8 26. Rd5 Bxd5 27. exd5 Bf8 28. h5 g6 29. h6 Qa7 30. Re1 Rc7 31. Qd2 Re7 32. b4 Re3 33. Rxe3 fxe3 34. Qd3 Qa4+ 35. Qb3 Qa7 36. Kd1 Qd4+ 37. Bd3 Qh4 38. b5 Qxg5 39. Be2 Qg1+ 40. Kc2 Bxh6 41. b6 Qe1 42. Qb5 Qd2+ 43. Kb1 Qe1+ 44. Ka2 1-0

[Event "BCF-chT2b 1516 (4NCL)"]
[Site "England"]
[Date "2016.01.23"]
[Round "3.9"]
[White "Bowmer, Kevin"]
[Black "Bayford, James R"]
[Result "0-1"]
[WhiteElo "2050"]
[BlackElo "2177"]
[PlyCount "50"]
[EventDate "2015.11.14"]
[EventType "team-tourn"]
[EventRounds "7"]
[EventCountry "ENG"]
[SourceTitle "CBM 170 Extra"]
[Source "ChessBase"]
[SourceDate "2016.02.25"]
[SourceVersion "1"]
[SourceVersionDate "2016.02.25"]
[SourceQuality "1"]
[WhiteTeam "Hackney"]
[BlackTeam "Anglian Avengers"]
[WhiteTeamCountry "ENG"]
[BlackTeamCountry "ENG"]

1. e4 e6 2. d4 d5 3. Nd2 Nf6 4. e5 Nfd7 5. c3 c5 6. Bd3 Nc6 7. Ne2 Qb6 8. Nf3 cxd4 9. cxd4 f6 10. exf6 Nxf6 11. Nc3 Bd6 12. 0-0 Bd7 13. Be3 0-0 14. Re1 Be8 15. Ne5 Kh8 16. Be2 Rc8 17. a3 Na5 18. Na4 Qb3 19. Bd2 Bxa4 20. Bxa5 Rc2 21. Bc3 Ne4 22. Bd3 Rcxf2 23. Qxb3 Bxb3 24. Nf3 R8xf3 25. gxf3 Bxh2+ 0-1